000 00505nam a2200157 i 4500
001 182486
003 ES-MaACL
005 20251001202551.0
008 130905s1985 gw |||| | spa d
245 0 0 _aHeinrich Böll
_b: con motivo de su muerte selección de notas necrológicas y la última entrevista.
260 _aBonn :
_bInter Nationes,
_c1985.
300 _a64 p. :
_bil. ;
_c21 cm.
600 1 4 _aBöll, Heinrich,
_d1917-1985
_929974
852 _aES-MaACL
_j2326-F-8
999 _c182486
_d182486